000 00713cam a22002175a 4500
001 L153197
002 18273
008 110622s2011 xxk f 000 0 eng d
020 _a9781842195666
035 _a(Sirsi) u153197
041 0 _aeng
050 0 4 _a333.3307 $2 18
100 1 _aHirst, Christina
245 0 0 _aAssocRICS
_byour practical guide to success
260 _aLondon
_bRICS
_c2011
520 _aCrammed with practical information, this guide has been written especially for candidates. It leads you through each stage of the process, from registration onwards.
590 _aKA NTK
651 4 _aUnited Kingdom
_y
690 _aCAREERS, EDUCATION AND TRAINING-QUALIFICATION ROUTES
942 _n0
999 _c112417
_d112417